Т. 70, Вып. 4; Астрономический журнал

Dades bibliogràfiques
Parent link:Астрономический журнал: научный журнал/ Российская академия наук (РАН). Т. 70, Вып. 4.— , 1933-1941, 1945-1946, 1948, 1951-1995.— 0004-6299
Idioma:rus
Publicat: 1993
Format: Llibre
KOHA link:https://koha.lib.tpu.ru/cgi-bin/koha/opac-detail.pl?biblionumber=490579

MARC

LEADER 00000nam2a2200000 4500
001 490579
005 20231101095746.0
035 |a (RuTPU)RU\TPU\prd\159501 
035 |a RU\TPU\prd\159500 
090 |a 490579 
100 |a 20121116a19939999k y0rusy50 ca 
101 0 |a rus 
102 |a RU 
200 0 |a Т. 70, Вып. 4 
210 |d 1993 
461 1 |0 (RuTPU)RU\TPU\prd\30  |x 0004-6299  |t Астрономический журнал  |o научный журнал  |f Российская академия наук (РАН)  |v Т. 70, Вып. 4  |d 1933-1941, 1945-1946, 1948, 1951-1995 
801 0 |a RU  |b 63413507  |c 20010227  |g PSBO 
801 1 |a RU  |b 63413507  |c 20121114 
801 2 |a RU  |b 63413507  |c 20121116  |g RCR 
942 |c BK 
999 |a НТБ_ТПУ  |b НФ  |e -4/20120110  |p П-3135  |u 0,00  |v 1